| 000 | 00395nam a2200181Ia 4500 | ||
|---|---|---|---|
| 005 | 20240823041823.0 | ||
| 008 | 240823s9999||||xx |||||||||||||| ||und|| | ||
| 041 | _aENGLISH | ||
| 082 | _A791.4372 K8 | ||
| 100 | _aLeon Uris | ||
| 245 | 0 | _aTopaz | |
| 250 | _a1st | ||
| 260 |
_c1968 _b"Bantam Books,L" |
||
| 500 | _aTRANSFERED | ||
| 650 |
_aNovel _bEnglish |
||
| 942 | _cBK | ||
| 999 |
_c206413 _d206413 |
||